000 00765nam a22002657a 4500
001 9065
003 FISKH
005 20251118141930.0
008 251118b cb ||||| |||| 00| 0 eng d
020 _a9780603563812
040 _aFISKH
_beng
_cFISKH
_dFISKH
082 _a823.92
100 _aUnknown
245 _aMuck and the machine convey, Sumsy and the sunflower spill /
_cBy Unknown
250 _aThis edition published for BCA in 2008
260 _aLondon :
_bEgmont ,
_c2008.
300 _a60 pages :
_bcolor illustrations ;
_c23 X 25 cm .
490 _aBob the Builder
505 _aO
521 8 _a600
_bLexile estimate
521 8 _aO
_bRaz-Plus
700 _aSmith, Jerry
_eIllustrator
942 _2ddc
_cBK
_n0
999 _c9065
_d9065